000 00584cam a2200193 4500500
005 20260405001849.0
041 _afre
042 _adc
100 1 0 _aNathan, Tobie
_eauthor
245 0 0 _aAmiens/Afrique de l’Ouest. Nouer l’aiguillette
260 _c2014.
500 _a18
690 _aAfrique
690 _aMoyen Âge
690 _aTobie Nathan
690 _aVirilité
786 0 _nPhilosophie magazine | 83 | 10 | 2014-10-01 | p. 47-47 | 1951-1787
856 4 1 _uhttps://shs.cairn.info/magazine-philosophie-magazine-2014-10-page-47?lang=fr&redirect-ssocas=7080
999 _c2051820
_d2051820